000 00408nam a2200181Ia 4500
008 100917s9999 xx 000 0 und d
082 _b39163
100 _aWodehouse P. G.
245 _aJill the Recteless
260 _bHerbert Jenkins
_c1958
300 _a304
365 _b2.2
520 _a---
630 _aJill the Recteless
650 _a---
730 _aJill the Recteless
942 _cBOOK
999 _c644557
_d644554